000 00314nam a2200169Ia 4500
100 _aMehta/Ved
650 _aGeneral
942 _cBK
366 _f20
654 _adaddyji
245 _aDaddyji
260 _bRoli Books
_c2009
082 _a808.3
_bMEH
300 _a195
546 _aENGLISH
999 _c33801
_d33801